00503nam a22001577a 450000500170000001000150001702000260003203500140005803700090007208200080008110000210008924500580011026000890016827000660025730000220032320250704103530.0 aENG-145663 a9789390569496c375.00 aEN-129195 bDBAD a280 aThekkekkara Biju aPresentation of Jesus to the Lord /cBiju Thekkekkara aKashmiri Gate, DelhibIndian Society for Promoting Christian Knowledge (ISPCK)c2021 a1654 madarsa road, Kashmiri Gate, DelhibDelhi-110006e110006 a271p.c22.8cm(pb)